[Event "23.Schlosspark-Open"]
[Site "Wiesbaden"]
[Date "2011.08.28"]
[Round "7.2"]
[White "Luther, Thomas"]
[Black "Donchenko, Anatoly"]
[Result "1-0"]
[WhiteElo "2515"]
[BlackElo "2383"]
[PlyCount "71"]
[EventDate "2011.??.??"]
[WhiteTeam "SV Empor Erfurt"]
[BlackTeam "SK 1858 Gießen"]

1. e4 d6 2. d4 Nf6 3. Nc3 g6 4. Be3 c6 5. h3 b5 6. e5 dxe5 7. dxe5 Qxd1+ 8.
Rxd1 Nfd7 9. f4 Nb6 10. g3 e6 11. Bg2 Bb4 12. Nge2 Nd5 13. Bf2 Nd7 14. O-O Bb7
15. Ne4 Be7 16. Nc1 a5 17. Nd3 b4 18. Ndc5 Ba6 19. Nxa6 Rxa6 20. c4 bxc3 21.
bxc3 f5 22. exf6 N7xf6 23. Nxf6+ Bxf6 24. c4 Nc3 25. Rd6 O-O 26. a3 Be7 27. Rd3
Na4 28. Re1 Nc5 29. Rdd1 Kf7 30. h4 Re8 31. Bh3 Bf8 32. Re5 Na4 33. Rd7+ Re7
34. Bxe6+ Ke8 35. Rxe7+ Bxe7 36. Bc8 1-0

[Event "23.Schlosspark-Open"]
[Site "Wiesbaden"]
[Date "2011.08.28"]
[Round "7.3"]
[White "Meijers, Viesturs"]
[Black "Geske, Julian"]
[Result "1-0"]
[WhiteElo "2492"]
[BlackElo "2337"]
[PlyCount "91"]
[EventDate "2011.??.??"]
[WhiteTeam "ESV Nickelhütte Aue"]
[BlackTeam "Wiesbadener SV 1885"]

1. Nf3 Nf6 2. c4 g6 3. b3 Bg7 4. Bb2 O-O 5. g3 d6 6. Bg2 e5 7. O-O Re8 8. e3 c6
9. d3 Nbd7 10. Nc3 d5 11. cxd5 cxd5 12. Rc1 a6 13. b4 b6 14. Qb3 Bb7 15. Nd2
Nf8 16. Na4 Qd6 17. b5 axb5 18. Nc3 Ne6 19. Nxb5 Qd8 20. Bxe5 Nc5 21. Qc3 Ra5
22. Nd6 Nfe4 23. N2xe4 Bxe5 24. Nxc5 Rxc5 25. Nxb7 Bxc3 26. Nxd8 Rxd8 27. d4
Rc4 28. Rb1 Bb4 29. Rb3 Ba5 30. Rb5 Rc2 31. Bxd5 Rdc8 32. Bb3 Rd2 33. g4 Kf8
34. g5 Ke7 35. Re5+ Kf8 36. h4 Bb4 37. Rb5 Ba5 38. Kg2 Kg7 39. Rh1 h6 40. Rh3
hxg5 41. hxg5 Rd3 42. Rf3 Rc7 43. Re5 Bb4 44. Rf6 Ba5 45. Re8 Rdc3 46. Rd6 1-0

[Event "23.Schlosspark-Open"]
[Site "Wiesbaden"]
[Date "2011.08.28"]
[Round "7.5"]
[White "Tischendorf, Michael"]
[Black "Malek, Daniel"]
[Result "0-1"]
[WhiteElo "2186"]
[BlackElo "2341"]
[PlyCount "128"]
[EventDate "2011.??.??"]
[WhiteTeam "SV 1920 Hofheim"]
[BlackTeam "SV Oberursel"]

1. d4 Nf6 2. c4 e6 3. g3 d5 4. Nf3 Bb4+ 5. Bd2 Be7 6. Bg2 O-O 7. O-O c6 8. Qc2
Nbd7 9. Bf4 b6 10. Nbd2 Nh5 11. Rfd1 Nxf4 12. gxf4 Bb7 13. Rac1 Rc8 14. cxd5
exd5 15. Bh3 Rc7 16. Nf1 c5 17. Ng3 Bd6 18. Qd2 Nf6 19. e3 g6 20. a3 Qe7 21.
Ne5 Rd8 22. Bg2 Kg7 23. h3 Rcc8 24. Qe2 h5 25. Nf1 c4 26. Nd2 b5 27. Qf3 Ba8
28. Qg3 Re8 29. Kh2 Rh8 30. Bf3 a5 31. Rg1 Kf8 32. f5 h4 33. Qf4 Nh5 34. Bxh5
Rxh5 35. Ndf3 Rxf5 36. Qh6+ Ke8 37. Kh1 Qf6 38. Ng4 Qe6 39. Nfe5 Kd8 40. f4 Kc7
41. Qg7 Bf8 42. Qh7 Kb8 43. Kh2 Qe7 44. Qh8 Bb7 45. Nf6 Ka7 46. Nfg4 Rc7 47.
Rg2 Bc8 48. Rc3 Kb7 49. Rg1 Be6 50. Nf3 Rh5 51. Qf6 Qd6 52. Nge5 Be7 53. Nxf7
Qb6 54. Qxg6 Rf5 55. N3e5 Rf6 56. Qh7 b4 57. Rcc1 c3 58. bxc3 b3 59. Rg7 b2 60.
Rb1 Bf5 61. Qg8 Bxb1 62. Nd8+ Bxd8 63. Qxd5+ Ka7 64. Nd7 Rd6 0-1

[Event "23.Schlosspark-Open"]
[Site "Wiesbaden"]
[Date "2011.08.28"]
[Round "7.6"]
[White "Nagel, Bernhard"]
[Black "Kiese, Matthias"]
[Result "1-0"]
[WhiteElo "2277"]
[BlackElo "2258"]
[PlyCount "143"]
[EventDate "2011.??.??"]
[WhiteTeam "Wiesbadener SV 1885"]
[BlackTeam "Bochumer SV 02"]

1. Nf3 Nf6 2. c4 e6 3. Nc3 d5 4. d4 Be7 5. Bg5 O-O 6. e3 Nbd7 7. Rc1 c6 8. Qc2
Ne4 9. Bxe7 Qxe7 10. Nxe4 dxe4 11. Nd2 Nf6 12. Nxe4 Nxe4 13. Qxe4 Qb4+ 14. Rc3
Qxb2 15. Qc2 Qxc2 16. Rxc2 b6 17. c5 Rb8 18. Bd3 bxc5 19. Rxc5 Ba6 20. Kd2 Bxd3
21. Kxd3 Rb2 22. Rc2 Rxc2 23. Kxc2 c5 24. Rb1 cxd4 25. exd4 Rc8+ 26. Kd3 Kf8
27. Rb7 a6 28. Rb6 Ra8 29. a4 Ke7 30. a5 Ra7 31. Ke4 h5 32. h4 Ra8 33. f3 g6
34. Ke5 Ra7 35. g3 f6+ 36. Ke4 Kf7 37. Rc6 Ke7 38. Kd3 Rd7 39. Kc4 Rd6 40. Rc7+
Kd8 41. Ra7 Rc6+ 42. Kd3 Rd6 43. Ke4 Ke8 44. g4 hxg4 45. fxg4 Kf8 46. h5 gxh5
47. gxh5 Kg8 48. h6 Kh8 49. Rf7 f5+ 50. Kd3 Rd5 51. Re7 Rxa5 52. Rxe6 Kh7 53.
Rd6 Ra1 54. d5 a5 55. Kd2 f4 56. Rf6 Ra4 57. Kc3 Ra1 58. Rxf4 Kxh6 59. d6 Rc1+
60. Kd4 Kg6 61. Ke5 Rd1 62. Ke6 Re1+ 63. Kd7 Ra1 64. Kc8 Rc1+ 65. Kd8 Ra1 66.
d7 Rc1 67. Ke7 Re1+ 68. Kd6 Rd1+ 69. Ke6 Kg7 70. Rf5 a4 71. Rd5 Re1+ 72. Kd6
1-0

[Event "23.Schlosspark-Open"]
[Site "Wiesbaden"]
[Date "2011.08.28"]
[Round "7.7"]
[White "Seickel, Ralf"]
[Black "Gottschalk, Jens"]
[Result "0-1"]
[WhiteElo "1890"]
[BlackElo "2268"]
[PlyCount "74"]
[EventDate "2011.??.??"]
[WhiteTeam "vereinslos"]
[BlackTeam "Wiesbadener SV 1885"]

1. c4 e5 2. g3 Nc6 3. Bg2 d6 4. Nc3 Be6 5. d3 Qd7 6. Nf3 Bh3 7. O-O h5 8. Bxh3
Qxh3 9. Ng5 Qd7 10. h4 Be7 11. e3 Bxg5 12. hxg5 f6 13. Ne4 f5 14. Nc3 h4 15. f4
hxg3 16. Qf3 O-O-O 17. Qxg3 Nge7 18. Bd2 Ng6 19. Nd5 Rh4 20. Qf3 Rg4+ 21. Kf2
exf4 22. Nxf4 Nce5 23. Qd5 Rxg5 24. Ke2 Rg4 25. Nxg6 Rxg6 26. Bc3 c6 27. Qa5
Rg2+ 28. Kd1 b6 29. Qa6+ Qb7 30. Qxb7+ Kxb7 31. Rc1 Nxd3 32. Rc2 Rg5 33. Rd2
Nc5 34. Be5 Ne4 35. Rd4 Kc7 36. Bf4 Rg2 37. Rh1 Nf2+ 0-1

[Event "23.Schlosspark-Open"]
[Site "Wiesbaden"]
[Date "2011.08.28"]
[Round "7.8"]
[White "Kayser, Felix"]
[Black "Vogel, Christian"]
[Result "1-0"]
[WhiteElo "2190"]
[BlackElo "2184"]
[PlyCount "82"]
[EventDate "2011.??.??"]
[WhiteTeam "Wiesbadener SV 1885"]
[BlackTeam "SV Saarbrücken 1970"]

1. e4 c5 2. Nc3 e6 3. f4 d5 4. Nf3 dxe4 5. Nxe4 Nf6 6. Bb5+ Bd7 7. Qe2 Nxe4 8.
Bxd7+ Qxd7 9. Qxe4 Nc6 10. O-O Be7 11. d3 O-O 12. Bd2 Rad8 13. Bc3 Nd4 14. Rf2
Qd5 15. Re1 Qxe4 16. Rxe4 Bf6 17. Bxd4 Bxd4 18. Nxd4 cxd4 19. Kf1 Rfe8 20. Rfe2
Kf8 21. Kf2 Rd5 22. g4 Red8 23. Kf3 Ke7 24. Re5 R8d6 25. Ke4 f6 26. Rxd5 Rxd5
27. Rg2 Kd6 28. f5 Ke7 29. h4 Kf7 30. Rf2 Ra5 31. a3 Rd5 32. fxe6+ Kxe6 33. b4
g6 34. Rxf6+ Kxf6 35. Kxd5 h5 36. gxh5 gxh5 37. Kxd4 Kf5 38. c4 Kg4 39. Ke3
Kxh4 40. Kf2 Kg4 41. d4 Kf4 1-0

[Event "23.Schlosspark-Open"]
[Site "Wiesbaden"]
[Date "2011.08.28"]
[Round "7.9"]
[White "Dausch, Rene"]
[Black "Schupp, Tobias"]
[Result "1-0"]
[WhiteElo "2375"]
[BlackElo "2041"]
[PlyCount "115"]
[EventDate "2011.??.??"]
[WhiteTeam "SC Böblingen 1975 e.V."]
[BlackTeam "SK Niederbrechen 1948"]

1. d4 Nf6 2. Nf3 c5 3. d5 d6 4. Nc3 g6 5. e4 Bg7 6. Bb5+ Bd7 7. a4 O-O 8. O-O
Bxb5 9. axb5 Nbd7 10. Qe2 Ne8 11. Rd1 Nc7 12. Bf4 a6 13. bxa6 Rxa6 14. Rxa6
Nxa6 15. e5 Nxe5 16. Nxe5 dxe5 17. Bxe5 Bxe5 18. Qxe5 Qd6 19. Re1 Qxe5 20. Rxe5
Re8 21. Ne4 Kf8 22. d6 f5 23. Ng5 exd6 24. Nxh7+ Kf7 25. Rxe8 Kxe8 26. Nf6+ Kf7
27. Nd5 b5 28. h4 c4 29. Kf1 Nc5 30. Ke2 Na4 31. b3 cxb3 32. cxb3 Nc5 33. b4
Ne6 34. Ke3 Kg7 35. g3 Kh6 36. Ne7 Kh5 37. f3 Kh6 38. Nc8 Nc7 39. Kd4 Na6 40.
Kc3 d5 41. Ne7 d4+ 42. Kb3 d3 43. Nd5 g5 44. hxg5+ Kxg5 45. Kc3 Nb8 46. Kxd3
Nc6 47. Kc3 Kh5 48. Nc7 Ne5 49. f4 Nd7 50. Nxb5 Kg4 51. Nc7 Kxg3 52. Nd5 Kf3
53. Kd4 Kg4 54. Kc4 Kf3 55. Kb5 Ke4 56. Kc6 Nb8+ 57. Kd6 Kd4 58. b5 1-0

[Event "23.Schlosspark-Open"]
[Site "Wiesbaden"]
[Date "2011.08.28"]
[Round "7.10"]
[White "Repplinger, Marc"]
[Black "Baskin, Robert"]
[Result "1-0"]
[WhiteElo "2249"]
[BlackElo "1977"]
[PlyCount "123"]
[EventDate "2011.??.??"]
[WhiteTeam "SV Koblenz 03/25"]
[BlackTeam "SAbt TuS Makkabi Ffm"]

1. d4 Nf6 2. Nf3 g6 3. Bf4 Bg7 4. e3 O-O 5. h3 d6 6. c4 Na6 7. Nc3 c5 8. Be2 b6
9. O-O Nc7 10. Bh2 Bb7 11. Rc1 Rc8 12. Qb3 cxd4 13. exd4 Rb8 14. Rfd1 a6 15.
Qc2 b5 16. cxb5 axb5 17. a3 Bh6 18. Ra1 Qc8 19. Ne1 Bc6 20. Nd3 Qb7 21. Bf1
Ncd5 22. Na2 Rfc8 23. Qe2 Qd7 24. Nab4 Ba8 25. Qe1 Rc4 26. Ne5 dxe5 27. Bxc4
bxc4 28. dxe5 Qb7 29. exf6 Nxb4 30. Qf1 Nd5 31. Bxb8 Qxb8 32. Rxd5 Bxd5 33.
fxe7 Bg5 34. Rd1 Bxe7 35. Rxd5 Qxb2 36. Qxc4 Qxa3 37. g3 Qa1+ 38. Kg2 Qa8 39.
h4 h5 40. Qe4 Bf6 41. Qf3 Kg7 42. Rd7 Qxf3+ 43. Kxf3 g5 44. hxg5 Bxg5 45. Ke4
Kg6 46. Rd6+ Bf6 47. Kf4 Kg7 48. Kf5 Be7 49. Rd5 h4 50. g4 h3 51. Rd3 Bc5 52.
f4 h2 53. Rh3 Bg1 54. g5 Kg8 55. Kg4 Kg7 56. f5 f6 57. g6 Kf8 58. Rh7 Kg8 59.
Kf3 Kf8 60. Ke4 Kg8 61. Kd5 Kf8 62. Ke6 1-0

[Event "23.Schlosspark-Open"]
[Site "Wiesbaden"]
[Date "2011.08.28"]
[Round "7.11"]
[White "Gentner, Markus"]
[Black "Rott, Georg"]
[Result "0-1"]
[WhiteElo "2026"]
[BlackElo "2223"]
[PlyCount "96"]
[EventDate "2011.??.??"]
[WhiteTeam "SC Murrhardt 1948 e.V."]
[BlackTeam "SK Münster 32 e.V."]

1. Nf3 d5 2. d4 Nf6 3. e3 c5 4. c3 b6 5. Nbd2 g6 6. Bd3 Bg7 7. Ne5 O-O 8. Qe2
Bb7 9. O-O Qc8 10. f4 Ba6 11. dxc5 Bxd3 12. Nxd3 bxc5 13. e4 e6 14. e5 Nfd7 15.
Nf3 Nc6 16. Be3 c4 17. Nf2 a5 18. Ng4 Rb8 19. h4 Rb7 20. Rad1 Qc7 21. Rd2 Rfb8
22. Qf2 Rb5 23. Re1 h5 24. Ngh2 Nb6 25. Bxb6 R8xb6 26. Nd4 Nxd4 27. cxd4 Bf8
28. Rc2 Qb7 29. Ree2 a4 30. g4 hxg4 31. Nxg4 a3 32. Nf6+ Kg7 33. bxa3 Rb1+ 34.
Kg2 Bxa3 35. h5 Qc8 36. h6+ Kh8 37. Qh4 Qd8 38. Qg3 Be7 39. Ng4 Kh7 40. Qh3 Rd1
41. Red2 Rbb1 42. Qe3 Qa5 43. Rxd1 Rxd1 44. Nf6+ Bxf6 45. exf6 Ra1 46. f5 exf5
47. Qe8 Qe1 48. Qxf7+ Kxh6 0-1

[Event "23.Schlosspark-Open"]
[Site "Wiesbaden"]
[Date "2011.08.28"]
[Round "7.13"]
[White "Tufa, Mihai"]
[Black "Weber, Rainer"]
[Result "1/2-1/2"]
[WhiteElo "2003"]
[BlackElo "2174"]
[PlyCount "107"]
[EventDate "2011.??.??"]
[WhiteTeam "Club Sah Diana Galati"]
[BlackTeam "SV Ebersbach"]

1. e4 d5 2. exd5 Nf6 3. c4 e6 4. dxe6 Bxe6 5. d4 Bb4+ 6. Bd2 Qe7 7. Bxb4 Qxb4+
8. Qd2 Nc6 9. Qxb4 Nxb4 10. Na3 O-O-O 11. Nf3 Rhe8 12. Be2 Bg4 13. Rd1 Re4 14.
Kf1 Bxf3 15. gxf3 Rexd4 16. Rxd4 Rxd4 17. Ke1 c6 18. Rg1 g6 19. Rg5 Kd7 20. Nb1
Nh5 21. Nd2 Nd3+ 22. Bxd3 Rxd3 23. Rg4 f5 24. Rh4 c5 25. Ke2 Rd6 26. Nb3 b6 27.
Nc1 Ke6 28. Nd3 Kf6 29. f4 Kg7 30. b3 Rd4 31. a4 Re4+ 32. Kd2 Nf6 33. Rh3 Rd4
34. Rf3 Ne4+ 35. Kc2 Kf6 36. h4 Kg7 37. Re3 Kf6 38. f3 Nd6 39. Re1 Nf7 40. Re8
Nd8 41. Rh8 h5 42. Rf8+ Kg7 43. Re8 Kf7 44. Rh8 Nc6 45. Kc3 a5 46. Rh7+ Kg8 47.
Rb7 Nb4 48. Nxb4 axb4+ 49. Kc2 Rxf4 50. Rxb6 Kg7 51. a5 Rxh4 52. Rd6 Rh2+ 53.
Rd2 Rh1 54. Rd1 1/2-1/2

[Event "23.Schlosspark-Open"]
[Site "Wiesbaden"]
[Date "2011.08.28"]
[Round "7.14"]
[White "Seidel, Jürgen"]
[Black "Weiler, Dieter"]
[Result "0-1"]
[WhiteElo "2033"]
[BlackElo "2142"]
[PlyCount "110"]
[EventDate "2011.??.??"]
[WhiteTeam "SV 1920 Hofheim"]
[BlackTeam "vereinslos"]

1. f4 d5 2. Nf3 g6 3. g3 Bg7 4. Bg2 c5 5. O-O Nc6 6. d3 d4 7. c3 Qb6 8. Kh1 Nh6
9. Qc2 Nf5 10. Na3 Be6 11. Ng5 Bd7 12. e4 dxe3 13. Nc4 Qc7 14. Nxe3 O-O 15. Nd5
Qd8 16. Re1 Rc8 17. Qf2 b6 18. Ne4 Be6 19. Ne3 h6 20. Rd1 Nxe3 21. Qxe3 Qd7 22.
Nf2 Bd5 23. Qe2 Bxg2+ 24. Kxg2 Qd5+ 25. Qf3 Rcd8 26. Be3 f5 27. Rd2 e5 28. Rad1
Qe6 29. h4 Rfe8 30. a3 Nd4 31. Bxd4 exd4 32. c4 Qd7 33. Re2 Rxe2 34. Qxe2 Re8
35. Qf3 Bf6 36. Rd2 Qe7 37. Nh3 Kg7 38. Ng1 Qe3 39. Re2 Qxf3+ 40. Kxf3 Re3+ 41.
Rxe3 dxe3 42. b3 Bb2 43. a4 Bd4 44. g4 fxg4+ 45. Kxg4 h5+ 46. Kf3 Bf6 47. Kg3
Bc3 48. Kf3 Be1 49. Kxe3 Bxh4 50. Ke4 Kf6 51. Nh3 Ke6 52. d4 cxd4 53. Kxd4 Kf5
54. Ke3 Kg4 55. Ng1 Bg3 0-1

[Event "23.Schlosspark-Open"]
[Site "Wiesbaden"]
[Date "2011.08.28"]
[Round "7.15"]
[White "Giese, Tilman"]
[Black "Specht, Christian"]
[Result "1-0"]
[WhiteElo "1967"]
[BlackElo "2132"]
[PlyCount "69"]
[EventDate "2011.??.??"]
[WhiteTeam "SC Turm Illingen"]
[BlackTeam "SC Flörsheim 1921"]

1. Nf3 f5 2. g3 Nf6 3. Bg2 g6 4. d3 d6 5. O-O Bg7 6. c4 O-O 7. Nc3 Nc6 8. Rb1
e5 9. b4 h6 10. b5 Ne7 11. c5 Be6 12. Qa4 Qd7 13. Ba3 Nfd5 14. Nxd5 Bxd5 15.
cxd6 cxd6 16. Bc1 a6 17. Qh4 g5 18. Bxg5 hxg5 19. Nxg5 Rfc8 20. e4 Bxa2 21.
exf5 Qxf5 22. Be4 Qf6 23. Rb2 Bd5 24. Qh7+ Kf8 25. f4 Ke8 26. Bxd5 Nxd5 27.
Qg8+ Kd7 28. Qxd5 exf4 29. Qxb7+ Rc7 30. Qxa8 Qxb2 31. Re1 Be5 32. Nf7 Qxb5 33.
Qd8+ Ke6 34. Qxc7 fxg3 35. Qxd6+ 1-0

[Event "23.Schlosspark-Open"]
[Site "Wiesbaden"]
[Date "2011.08.28"]
[Round "7.17"]
[White "Klein, Maximilian"]
[Black "Freundlieb, Thomas"]
[Result "1/2-1/2"]
[WhiteElo "2006"]
[BlackElo "2095"]
[PlyCount "77"]
[EventDate "2011.??.??"]
[WhiteTeam "SC Idar-Oberstein"]
[BlackTeam "SV Bergneustadt/Dersch"]

1. e4 d6 2. d4 Nf6 3. Nc3 e5 4. dxe5 dxe5 5. Qxd8+ Kxd8 6. Bg5 Be6 7. Nf3 Bd6
8. Rd1 Nbd7 9. a3 a6 10. Nd5 Ke8 11. Bxf6 Nxf6 12. Ng5 Bg4 13. f3 Nxd5 14. Rxd5
Bh5 15. Rd2 f6 16. Nh3 Bf7 17. Be2 Rd8 18. Nf2 Ke7 19. O-O Bc5 20. Rfd1 Rxd2
21. Rxd2 Rd8 22. Rxd8 Kxd8 23. Kf1 Ba7 24. Bd3 b5 25. b3 c6 26. Ke2 Kc7 27. Nd1
Bc5 28. b4 Bf8 29. Kd2 c5 30. c3 Kc6 31. Ne3 a5 32. Nc2 axb4 33. axb4 g6 34. g4
Bh6+ 35. Ne3 cxb4 36. cxb4 Bc4 37. Ke2 Bf8 38. Nxc4 bxc4 39. Bxc4 1/2-1/2

[Event "23.Schlosspark-Open"]
[Site "Wiesbaden"]
[Date "2011.08.28"]
[Round "7.19"]
[White "Bösch, Udo"]
[Black "Larem, Peter"]
[Result "1-0"]
[WhiteElo "2071"]
[BlackElo "1914"]
[PlyCount "77"]
[EventDate "2011.??.??"]
[WhiteTeam "SK Ebringen"]
[BlackTeam "SSG Rödermark-Epp."]

1. c4 e5 2. Nc3 Bb4 3. g3 Nf6 4. Bg2 O-O 5. a3 Bxc3 6. bxc3 c6 7. d4 d6 8. e3
Re8 9. Ne2 Bg4 10. d5 cxd5 11. cxd5 Nbd7 12. f3 Bh5 13. e4 Nc5 14. Be3 Nfd7 15.
g4 Bg6 16. Ng3 Qa5 17. Ne2 Nb6 18. O-O Nc4 19. Bf2 Rac8 20. Qc2 Na4 21. Rfb1
Ncb6 22. Rb4 Nc5 23. Qd1 Nca4 24. Be1 Qc5+ 25. Kh1 Qe3 26. Bd2 Qf2 27. Ra2 Rc4
28. Nc1 Rec8 29. Nd3 Qh4 30. Rxc4 Rxc4 31. Rc2 Nxd5 32. Be1 Ne3 33. Qe2 Qg5 34.
Bd2 Nxc3 35. Qxe3 Qxe3 36. Bxe3 d5 37. Nxe5 dxe4 38. Nxc4 exf3 39. Rxc3 1-0

[Event "23.Schlosspark-Open"]
[Site "Wiesbaden"]
[Date "2011.08.28"]
[Round "7.20"]
[White "Mayer, Frank"]
[Black "Tuchtfeld, Jürgen"]
[Result "1/2-1/2"]
[WhiteElo "2204"]
[BlackElo "2038"]
[PlyCount "38"]
[EventDate "2011.??.??"]
[WhiteTeam "Wiesbadener SV 1885"]
[BlackTeam "SK Ebringen"]

1. e4 c6 2. d4 d5 3. f3 e6 4. Be3 Nf6 5. e5 Nfd7 6. f4 c5 7. c3 Nc6 8. Nf3 cxd4
9. cxd4 Bb4+ 10. Kf2 O-O 11. Bd3 f6 12. Qc2 f5 13. Qe2 Be7 14. a3 Nb6 15. Nc3
Bd7 16. h3 g5 17. g3 h6 18. h4 g4 19. Nd2 h5 1/2-1/2

[Event "23.Schlosspark-Open"]
[Site "Wiesbaden"]
[Date "2011.08.28"]
[Round "7.21"]
[White "Cattus, Nico"]
[Black "Kobs, Stephan"]
[Result "0-1"]
[WhiteElo "2201"]
[BlackElo "2021"]
[PlyCount "52"]
[EventDate "2011.??.??"]
[WhiteTeam "vereinslos"]
[BlackTeam "SC Bad Salzdetfurth"]

1. e4 c5 2. Nf3 d6 3. d4 cxd4 4. Nxd4 Nf6 5. Nc3 a6 6. Bg5 e6 7. f4 b5 8. a3
Nbd7 9. Be2 Bb7 10. Bf3 Qb6 11. Qd2 Rc8 12. O-O-O Be7 13. g4 O-O 14. Bxf6 Bxf6
15. g5 Be7 16. h4 Nc5 17. Kb1 Kh8 18. h5 b4 19. axb4 Qxb4 20. f5 Rb8 21. Nb3
Nxb3 22. cxb3 Qxb3 23. h6 g6 24. f6 Bd8 25. Qxd6 Bxe4+ 26. Qd3 Qxb2# 0-1

[Event "23.Schlosspark-Open"]
[Site "Wiesbaden"]
[Date "2011.08.28"]
[Round "7.22"]
[White "Bremer, Vincent"]
[Black "Marzahn, Heiko"]
[Result "1/2-1/2"]
[WhiteElo "2144"]
[BlackElo "1984"]
[PlyCount "55"]
[EventDate "2011.??.??"]
[WhiteTeam "SC Lerchenberg/ZMO"]
[BlackTeam "Sfr.Erbach"]

1. c4 e6 2. g3 f5 3. Bg2 Nf6 4. Nc3 c6 5. d4 d5 6. cxd5 exd5 7. Nf3 Bd6 8. Ne5
O-O 9. O-O Nbd7 10. f4 Ne4 11. e3 Ndf6 12. Nxe4 fxe4 13. Bd2 Bf5 14. Qb3 Qc8
15. Bb4 Ne8 16. Rac1 Rf6 17. Rf2 Rh6 18. g4 Bxg4 19. Bxe4 Be6 20. Bb1 Bxb4 21.
Qxb4 Bh3 22. Qe7 Nd6 23. Rf3 Qe6 24. Qg5 Bf5 25. Rg3 Qf6 26. Bxf5 Nxf5 27. Qxf6
Rxf6 28. Rf3 1/2-1/2

[Event "23.Schlosspark-Open"]
[Site "Wiesbaden"]
[Date "2011.08.28"]
[Round "7.23"]
[White "Kreiling, Carsten"]
[Black "Rump, Andreas"]
[Result "1/2-1/2"]
[WhiteElo "2138"]
[BlackElo "1950"]
[PlyCount "58"]
[EventDate "2011.??.??"]
[WhiteTeam "SVG Eppstein 1932"]
[BlackTeam "SG Turm Idstein"]

1. d4 Nf6 2. c4 e6 3. Nf3 d5 4. Nc3 Be7 5. Bg5 Nbd7 6. cxd5 exd5 7. Qc2 c6 8.
e3 O-O 9. Bd3 h6 10. Bh4 Re8 11. O-O Nh5 12. Bxe7 Qxe7 13. Rab1 Nhf6 14. b4 a6
15. a4 b5 16. a5 Bb7 17. Rfe1 Ne4 18. Bxe4 dxe4 19. Nd2 Nf6 20. Nb3 Nd5 21. Nc5
Nxc3 22. Qxc3 Rad8 23. Rbc1 Rd6 24. Rc2 Bc8 25. Rec1 Qg5 26. g3 Qh5 27. f4 exf3
28. e4 Rf6 29. Rf2 Bh3 1/2-1/2

[Event "23.Schlosspark-Open"]
[Site "Wiesbaden"]
[Date "2011.08.28"]
[Round "7.24"]
[White "Cofman, Veaceslav"]
[Black "Simkin, Mark"]
[Result "1/2-1/2"]
[WhiteElo "1990"]
[BlackElo "2004"]
[PlyCount "134"]
[EventDate "2011.??.??"]
[WhiteTeam "Karlsruher SF 1853"]
[BlackTeam "SV Saarbrücken 1970"]

1. d4 Nf6 2. c4 e6 3. Nc3 Bb4 4. a3 Bxc3+ 5. bxc3 d5 6. Bg5 c5 7. Bxf6 Qxf6 8.
e3 O-O 9. Nf3 Nc6 10. h3 dxc4 11. Bxc4 Rd8 12. O-O cxd4 13. cxd4 b6 14. Rc1 Bb7
15. Bb5 Rac8 16. Bxc6 Bxc6 17. Ne5 Bb5 18. Re1 Qe7 19. Qb3 Qe8 20. Rxc8 Rxc8
21. Rb1 Bc6 22. Rc1 Bd5 23. Rxc8 Qxc8 24. Qa4 f6 25. Nd3 a5 26. Nf4 Bc4 27. e4
Kf7 28. d5 exd5 29. Nxd5 Bxd5 30. exd5 Qc1+ 31. Kh2 Qc7+ 32. g3 Qd6 33. Qb5 Ke7
34. Kg2 Qc5 35. Qe2+ Kd6 36. Qe6+ Kc7 37. a4 Qd6 38. Qe4 g6 39. Kg1 Qb4 40. Qe8
Qd6 41. Qa8 Kd7 42. h4 Qc7 43. Qf8 Qd6 44. Qh6 Qe7 45. Qf4 Qe5 46. Qc4 Qc7 47.
Qd4 Qd6 48. Qg4+ f5 49. Qd4 Qb4 50. Qf6 Qd6 51. Qh8 Qe7 52. Qa8 Qe1+ 53. Kg2
Qe4+ 54. Kh2 Qc2 55. Kg1 Qb1+ 56. Kh2 Qc2 57. Qb7+ Qc7 58. Qa6 Kd6 59. Qa8 Kc5
60. Kg1 Qd6 61. Qc8+ Kxd5 62. Qg8+ Kc5 63. Qb3 h5 64. Qc3+ Kd5 65. Qd3+ Kc6 66.
Qc4+ Kd7 67. Qf7+ Kc6 1/2-1/2

[Event "23.Schlosspark-Open"]
[Site "Wiesbaden"]
[Date "2011.08.28"]
[Round "7.25"]
[White "Feller, Florian"]
[Black "Syed, Tareq"]
[Result "0-1"]
[WhiteElo "1977"]
[BlackElo "2112"]
[PlyCount "48"]
[EventDate "2011.??.??"]
[WhiteTeam "SGem Vaihingen-Rohr"]
[BlackTeam "SC Brett vor'm Kopp Ffm"]

1. e4 c6 2. d4 Na6 3. Nf3 g6 4. Be3 Nh6 5. Nc3 Nc7 6. h3 f6 7. g4 Nf7 8. g5 d5
9. Qd2 Bg7 10. O-O-O dxe4 11. gxf6 exf6 12. Nh2 f5 13. Kb1 Be6 14. Rg1 Nd5 15.
Bg2 Qb8 16. f4 Bf8 17. Nxe4 fxe4 18. Bxe4 Nd6 19. Bd3 Nb5 20. Ng4 Bg7 21. Rge1
O-O 22. c4 Nxe3 23. Nxe3 Nxd4 24. Qg2 Qxf4 0-1

[Event "23.Schlosspark-Open"]
[Site "Wiesbaden"]
[Date "2011.08.28"]
[Round "7.26"]
[White "Minz, Michail"]
[Black "Cordes, Lothar"]
[Result "1/2-1/2"]
[WhiteElo "2107"]
[BlackElo "1942"]
[PlyCount "83"]
[EventDate "2011.??.??"]
[WhiteTeam "SK Gau-Algesheim"]
[BlackTeam "SF Lilienthal von 1971"]

1. e4 e6 2. d4 d5 3. Nd2 dxe4 4. Nxe4 Nd7 5. Nf3 Ngf6 6. Nxf6+ Nxf6 7. Bg5 Be7
8. Bd3 h6 9. Bxf6 Bxf6 10. c3 Qd6 11. Qe2 Bd7 12. Ne5 Bxe5 13. dxe5 Qc5 14. O-O
O-O-O 15. Rfe1 Bc6 16. Be4 Qxe5 17. Bxc6 Qxe2 18. Bxb7+ Kxb7 19. Rxe2 Rd6 20.
f4 Rhd8 21. Kf2 Rd1 22. Rxd1 Rxd1 23. Ke3 Kc6 24. Ke4 Kd6 25. g3 Rd5 26. c4 Rd1
27. b3 c5 28. Rb2 a5 29. Ke3 Rd4 30. Rc2 e5 31. fxe5+ Kxe5 32. Rb2 f5 33. h4 g5
34. hxg5 hxg5 35. Rh2 f4+ 36. gxf4+ gxf4+ 37. Ke2 Ke4 38. Rh8 f3+ 39. Ke1 Ke3
40. Re8+ Re4 41. Rd8 Rh4 42. Re8+ 1/2-1/2

[Event "23.Schlosspark-Open"]
[Site "Wiesbaden"]
[Date "2011.08.28"]
[Round "7.28"]
[White "Machlin, Maxim"]
[Black "Schwarz, Eduard"]
[Result "1-0"]
[WhiteElo "1943"]
[BlackElo "2088"]
[PlyCount "81"]
[EventDate "2011.??.??"]
[WhiteTeam "Biebertaler SF"]
[BlackTeam "SG Turm Idstein"]

1. c4 e5 2. g3 Nf6 3. Bg2 d5 4. cxd5 Nxd5 5. Nc3 Nb6 6. Nf3 f6 7. O-O Be6 8. d4
Nc6 9. dxe5 Be7 10. exf6 Bxf6 11. Qxd8+ Rxd8 12. Bg5 Bxg5 13. Nxg5 Bc4 14. b3
Bf7 15. Nce4 Bd5 16. Nc5 Bxg2 17. Kxg2 Rd5 18. Nge6 Ke7 19. e4 Re5 20. f4 Rxe6
21. Nxe6 Kxe6 22. Rad1 Re8 23. g4 a5 24. h4 a4 25. Rf3 axb3 26. axb3 Ra8 27.
Kg3 Ra3 28. h5 Na5 29. h6 gxh6 30. Rh1 Kf7 31. Rxh6 Kg7 32. Rh5 Nc6 33. Rd3 h6
34. g5 hxg5 35. Rxg5+ Kf6 36. Kg4 Nc4 37. Rh3 Nd2 38. Rh6+ Kf7 39. Rh7+ Kf6 40.
Rgh5 Ne7 41. R5h6+ 1-0

[Event "23.Schlosspark-Open"]
[Site "Wiesbaden"]
[Date "2011.08.28"]
[Round "7.29"]
[White "Busche, Stefan"]
[Black "Karthaus, Carsten"]
[Result "1/2-1/2"]
[WhiteElo "2079"]
[BlackElo "1927"]
[PlyCount "89"]
[EventDate "2011.??.??"]
[WhiteTeam "SV Saarbrücken 1970"]
[BlackTeam "SC Murrhardt 1948 e.V."]

1. e4 d5 2. exd5 Qxd5 3. Nc3 Qa5 4. d4 c6 5. Nf3 Bg4 6. h3 Bxf3 7. Qxf3 Nf6 8.
Bd2 Nbd7 9. O-O-O e6 10. Kb1 Qc7 11. g4 h6 12. Bg2 O-O-O 13. h4 Nb6 14. g5 hxg5
15. hxg5 Rxh1 16. Bxh1 Nfd5 17. Ne4 Nc4 18. Bc1 Qb6 19. Qb3 Qa6 20. Bg2 Na5 21.
Qd3 b5 22. c3 Nc4 23. Bf1 Qb6 24. Qf3 Rd7 25. Bxc4 bxc4 26. Rh1 Qc7 27. Rh8 Rd8
28. Qe2 Nb6 29. g6 f6 30. Nd2 Qd6 31. Nxc4 Nxc4 32. Qxc4 Qd5 33. Qa6+ Kb8 34.
Be3 e5 35. a4 exd4 36. Bxd4 c5 37. Qb5+ Ka8 38. Rxf8 Rxf8 39. Qxc5 Qxc5 40.
Bxc5 Rc8 41. Bd4 Rd8 42. Kc2 Rd5 43. Be3 Rd6 44. Bc5 Rd5 45. Be3 1/2-1/2